[Event "Kuwait IEFS op 1st"]
[Site "Kuwait"]
[Date "2018.10.23"]
[Round "4"]
[White "Poliquit, Dennis"]
[Black "Habboosh, O."]
[Result "1-0"]
[WhiteElo "1987"]
[BlackElo "1837"]
[PlyCount "67"]
[EventDate "2018.10.19"]
[EventType "swiss"]
[EventRounds "8"]
[EventCountry "KUW"]
[SourceTitle "CBM 187 Extra"]
[Source "ChessBase"]
[SourceDate "2018.11.04"]
[SourceVersion "1"]
[SourceVersionDate "2018.11.04"]
[SourceQuality "1"]

1. Nf3 d5 2. g3 Nf6 3. Bg2 c5 4. 0-0 Nc6 5. d3 e5 6. Nbd2 Be7 7. e4 0-0 8. Re1 d4 9. a4 Bg4 10. h3 Be6 11. Ng5 Qd7 12. f4 h6 13. Nxe6 fxe6 14. Nc4 Qc7 15. Rf1 Bd6 16. Bd2 a6 17. a5 Rf7 18. Qe2 Raf8 19. h4 exf4 20. gxf4 e5 21. Rae1 exf4 22. Nxd6 Qxd6 23. e5 Nxe5 24. Qxe5 Qxe5 25. Rxe5 Ng4 26. Re4 Ne3 27. Bxe3 fxe3 28. Rxf7 Rxf7 29. Re8+ Kh7 30. Be4+ g6 31. h5 Kg7 32. hxg6 Rf6 33. Re7+ Kf8 34. Rxb7 1-0

[Event "Kuwait Taher Group Cup"]
[Site "Kuwait"]
[Date "2015.06.27"]
[Round "4"]
[White "Qabazard, Mohamed"]
[Black "Poliquit, Dennis"]
[Result "0-1"]
[WhiteElo "1570"]
[BlackElo "1834"]
[PlyCount "66"]
[EventDate "2015.06.24"]
[EventType "swiss"]
[EventRounds "9"]
[EventCountry "KUW"]
[SourceTitle "EXT 2016"]
[Source "ChessBase"]
[SourceDate "2015.10.08"]
[SourceVersion "1"]
[SourceVersionDate "2015.10.08"]
[SourceQuality "1"]

1. d4 Nf6 2. Bf4 g6 3. Nf3 Bg7 4. e3 d6 5. Be2 Nbd7 6. h3 b6 7. 0-0 0-0 8. c3 Re8 9. Nbd2 Bb7 10. Bh2 e5 11. dxe5 dxe5 12. Qc2 e4 13. Nd4 a6 14. Rfd1 Rc8 15. Rac1 Qe7 16. a3 h5 17. Qb1 c5 18. Nc2 Ne5 19. Bxe5 Qxe5 20. Nc4 Qg5 21. Nxb6 Rc6 22. Nc4 Bc8 23. Kh2 Qh4 24. Rd6 Rxd6 25. Nxd6 Ng4+ 26. Bxg4 Be5+ 27. Kg1 hxg4 28. Nxc8 gxh3 29. gxh3 Qxh3 30. Ne7+ Rxe7 31. Ne1 Bh2+ 32. Kh1 Bg3+ 33. Kg1 Qh2+ 0-1

[Event "Kuwait Taher Group Cup"]
[Site "Kuwait"]
[Date "2015.06.25"]
[Round "2"]
[White "Alothman, Abdul Wahab"]
[Black "Poliquit, Dennis"]
[Result "1-0"]
[WhiteElo "2141"]
[BlackElo "1834"]
[PlyCount "85"]
[EventDate "2015.06.24"]
[EventType "swiss"]
[EventRounds "9"]
[EventCountry "KUW"]
[SourceTitle "EXT 2016"]
[Source "ChessBase"]
[SourceDate "2015.10.08"]
[SourceVersion "1"]
[SourceVersionDate "2015.10.08"]
[SourceQuality "1"]

1. d4 Nf6 2. Nf3 g6 3. Nc3 Bg7 4. e4 d6 5. Be3 Nbd7 6. Qd2 Ng4 7. Bg5 h6 8. Bh4 g5 9. h3 gxh4 10. hxg4 Nf6 11. g5 hxg5 12. Nxg5 Qd7 13. Bc4 e6 14. f4 c6 15. e5 Nd5 16. Nce4 dxe5 17. fxe5 Kd8 18. Nd6 Kc7 19. Ngxf7 Rf8 20. 0-0 Qe7 21. Bd3 a5 22. c4 Nb6 23. b4 a4 24. Rab1 Bd7 25. b5 cxb5 26. Qb4 Kb8 27. Qc5 Nc8 28. cxb5 b6 29. Qc2 Ra7 30. Rb4 h3 31. g3 Nxd6 32. exd6 Qe8 33. Rxa4 Bxd4+ 34. Kh2 Bxb5 35. Rxa7 Kxa7 36. Qc7+ Ka6 37. d7 Qa8 38. Bxb5+ Kxb5 39. Rb1+ Ka5 40. Kxh3 Rxf7 41. d8Q Qa7 42. Qxf7 Qxf7 43. Qa8+ 1-0

[Event "Kuwait Taher Group Cup"]
[Site "Kuwait"]
[Date "2015.06.24"]
[Round "1"]
[White "Poliquit, Dennis"]
[Black "Caysidon, Arpon Philip"]
[Result "1-0"]
[WhiteElo "1834"]
[BlackElo "1964"]
[PlyCount "119"]
[EventDate "2015.06.24"]
[EventType "swiss"]
[EventRounds "9"]
[EventCountry "KUW"]
[SourceTitle "EXT 2016"]
[Source "ChessBase"]
[SourceDate "2015.10.08"]
[SourceVersion "1"]
[SourceVersionDate "2015.10.08"]
[SourceQuality "1"]

1. e4 c6 2. d3 d5 3. Nd2 e5 4. Ngf3 Bd6 5. g3 Nf6 6. Bg2 0-0 7. 0-0 Bg4 8. h3 Bh5 9. Re1 Re8 10. a4 a5 11. c3 Nbd7 12. Qc2 Qc7 13. Nf1 Bg6 14. Nh4 dxe4 15. dxe4 Bc5 16. Ne3 Rad8 17. Bd2 Nf8 18. Nc4 Rd7 19. Bg5 Nh5 20. Be3 Ne6 21. Nf5 Bxe3 22. Nfxe3 Red8 23. Red1 Nf6 24. f3 Ne8 25. Rxd7 Rxd7 26. Rd1 Rxd1+ 27. Qxd1 b5 28. axb5 cxb5 29. Na3 Qc5 30. Kf2 Nd6 31. Qd5 Qxd5 32. Nxd5 Nc5 33. Bf1 Na4 34. b4 Nxc3 35. bxa5 Nxd5 36. exd5 b4 37. a6 Nc8 38. Nc4 f6 39. Ke3 Kf8 40. Kd2 Ke7 41. Bd3 Be8 42. d6+ Kd8 43. Na5 Na7 44. Bf5 Bc6 45. Nb7+ Bxb7 46. axb7 Nc6 47. Kc2 g6 48. Be6 f5 49. Kd3 Nb8 50. Kc4 e4 51. Kxb4 exf3 52. Kc5 f2 53. Bc4 g5 54. Kd5 h5 55. Ke5 f4 56. g4 hxg4 57. hxg4 Nc6+ 58. Kd5 Nb8 59. Bb5 f3 60. Ke6 1-0